Basic electrical engineering (Record no. 7166)

000 -LEADER
fixed length control field 00658nam a2200217 4500
001 - CONTROL NUMBER
control field 7166
003 - CONTROL NUMBER IDENTIFIER
control field BD-DhUET
008 - FIXED-LENGTH DATA ELEMENTS--GENERAL INFORMATION
fixed length control field 740521s1975 nyua 001 0 eng
020 ## - INTERNATIONAL STANDARD BOOK NUMBER
International Standard Book Number 0070211523
040 ## - CATALOGING SOURCE
Original cataloging agency DLC
Transcribing agency DLC
Modifying agency BD-DhUET
082 00 - DEWEY DECIMAL CLASSIFICATION NUMBER
Classification number 623
Item number FIT/1975
100 1# - MAIN ENTRY--PERSONAL NAME
Personal name Fitzgerald, A. E.
245 10 - TITLE STATEMENT
Title Basic electrical engineering
Remainder of title circuits,electronics,machines,control
Statement of responsibility, etc. by A. E. Fitzgerald, David E. Higginbotham and Arvin Grabel
250 ## - EDITION STATEMENT
Edition statement 4th ed.
260 ## - PUBLICATION, DISTRIBUTION, ETC. (IMPRINT)
Place of publication, distribution, etc. New York
Name of publisher, distributor, etc. McGraw-Hill
Date of publication, distribution, etc. 1975
300 ## - PHYSICAL DESCRIPTION
Extent xiv, 817 p.
Other physical details illus.
Dimensions 24 cm.
650 #0 - SUBJECT ADDED ENTRY--TOPICAL TERM
Topical term or geographic name as entry element Electricity : Engineering
700 ## - ADDED ENTRY--PERSONAL NAME
Personal name Higginbotham, David E.
700 ## - ADDED ENTRY--PERSONAL NAME
Personal name Grabel, Arvin
942 ## - ADDED ENTRY ELEMENTS (KOHA)
Koha item type General Book
Holdings
Withdrawn status Koha normalized classification for sorting Piece designation (barcode) Shelving location Price effective from Koha date last borrowed Date acquired Source of classification or shelving scheme Koha issues (times borrowed) Lost status Damaged status Not for loan Koha item type Location (home branch) Koha full call number Koha date last seen Sublocation or collection (holding branch) Copy number
 623PIT197565364Circulation section2014-12-072018-07-212014-12-07 1   General BookCentral Library, BUET623/PIT/19752018-08-04Central Library, BUET1
 623_000000000000000_PIT_197543309Circulation section2015-03-12 2015-03-12     General BookCentral Library, BUET623/PIT/19752015-03-12Central Library, BUET2
 623_000000000000000_PIT_197543314Circulation section2015-03-12 2015-03-12     General BookCentral Library, BUET623/PIT/19752015-03-12Central Library, BUET3
 623_000000000000000_PIT_197543676Circulation section2015-03-12 2015-03-12     General BookCentral Library, BUET623/PIT/19752015-03-12Central Library, BUET4
 623_000000000000000_PIT_197542843Circulation section2015-03-12 2015-03-12     General BookCentral Library, BUET623/PIT/19752015-03-12Central Library, BUET5
 623_000000000000000_FIT_197543308Circulation section2015-04-16 2015-04-16     General BookCentral Library, BUET623/FIT/19752015-04-16Central Library, BUET6
 623_000000000000000_FIT_197543316Circulation section2015-04-18 2015-04-18     General BookCentral Library, BUET623/FIT/19752015-04-18Central Library, BUET7
 623_000000000000000_FIT_197543310Circulation section2015-04-21 2015-04-21     General BookCentral Library, BUET623/FIT/19752015-04-21Central Library, BUET8
 623_000000000000000_FIT_197543677Circulation section2015-04-21 2015-04-21     General BookCentral Library, BUET623/FIT/19752015-04-21Central Library, BUET9
 623_000000000000000_FIT_197543313Circulation section2015-04-21 2015-04-21     General BookCentral Library, BUET623/FIT/19752015-04-21Central Library, BUET10
 623_000000000000000_FIT_197543307Circulation section2015-04-21 2015-04-21     General BookCentral Library, BUET623/FIT/19752015-04-21Central Library, BUET11
 623_000000000000000_FIT_197551101Circulation section2015-04-21 2015-04-21     General BookCentral Library, BUET623/FIT/19752015-04-21Central Library, BUET12
 623_000000000000000_FIT_197542841Reading section2015-06-28 2015-06-28     Reading ItemCentral Library, BUET623/FIT/19752015-06-28Central Library, BUET13
 623_000000000000000_FIT_197542840Reading section2015-06-28 2015-06-28     Reading ItemCentral Library, BUET623/FIT/19752015-06-28Central Library, BUET14
 623_000000000000000_FIT_197543679Reading section2015-06-28 2015-06-28     Reading ItemCentral Library, BUET623/FIT/19752015-06-28Central Library, BUET15